| 000 | 01614nam0a2200325 4500 | ||
|---|---|---|---|
| 001 | RU\NLR\bibl\581432 | ||
| 005 | 20250610135718.0 | ||
| 021 |
_aRU _b2004-64608 _93187 |
||
| 035 | _a(NLR Aleph) 000573430 | ||
| 090 |
_a1607030 _c1607030 |
||
| 100 | _a20041207d2004 |||y0rusy50 ca | ||
| 101 | 0 | _arus | |
| 102 | _aRU | ||
| 105 | _aa ||||||||| | ||
| 200 | 1 |
_aАэрокосмическая техника и высокие технологии-2004 _eVII Всерос. науч.-техн. конф., 12-14 апр. 2004 г., Пермь, Россия _eПрограмма и тез. докл. _fПод ред. Р.В. Бульбовича и А.Н. Аношкина |
|
| 210 |
_aПермь _cПГТУ _d2004 |
||
| 215 |
_a160 с. _cил. _d29 |
||
| 300 | _aВ надзаг.: М-во образования Рос. Федерации, Перм. гос. техн. ун-т, Аэрокосм. фак., Рос. акад. инженер. наук им. А.М. Прохорова, Регион. Урал. отд-ние | ||
| 320 | _aБиблиогр. в конце докл. | ||
| 606 | 0 |
_aАвиационная техника _jСъезды, совещания и т.п. _92108247 _3RU\NLR\auth\661274354 |
|
| 606 | 0 |
_aКосмическая техника _jСъезды, совещания и т.п. _91391298 _3RU\NLR\auth\66584825 |
|
| 686 | _aО52я431(2) | ||
| 686 | _aО62я431(2) | ||
| 702 | 1 |
_aБульбович _bР. В. _4340 |
|
| 801 | 0 |
_aRU _bNLR _c20041207 _gPSBO |
|
| 801 | 1 |
_aRU _bNLR _c20041207 |
|
| 942 | _cBOOK | ||
| 980 | _aNB | ||
| 980 | _aNBR | ||